<?xml version="1.0" encoding="UTF-8"?>
<record
    xmlns:xsi="http://www.w3.org/2001/XMLSchema-instance"
    xsi:schemaLocation="http://www.loc.gov/MARC21/slim http://www.loc.gov/standards/marcxml/schema/MARC21slim.xsd"
    xmlns="http://www.loc.gov/MARC21/slim">

  <leader>00731nam a2200229Ia 4500</leader>
  <controlfield tag="005">20220824144138.0</controlfield>
  <controlfield tag="008">210716s2003    xx            000 0 und d</controlfield>
  <datafield tag="020" ind1=" " ind2=" ">
    <subfield code="a">8129700441</subfield>
  </datafield>
  <datafield tag="040" ind1=" " ind2=" ">
    <subfield code="c">AIMIT LIBRARY</subfield>
  </datafield>
  <datafield tag="041" ind1=" " ind2=" ">
    <subfield code="a">eng</subfield>
  </datafield>
  <datafield tag="082" ind1=" " ind2=" ">
    <subfield code="a">574.80285 </subfield>
    <subfield code="2">1</subfield>
    <subfield code="b">KRAD</subfield>
  </datafield>
  <datafield tag="100" ind1=" " ind2=" ">
    <subfield code="a">Krane, Dan E.</subfield>
    <subfield code="9">55387</subfield>
  </datafield>
  <datafield tag="245" ind1=" " ind2=" ">
    <subfield code="a">Fundamental concepts of bioinformatics /</subfield>
    <subfield code="c">By Dan E Krane and Michael L Raymer.</subfield>
  </datafield>
  <datafield tag="250" ind1=" " ind2=" ">
    <subfield code="a">1</subfield>
  </datafield>
  <datafield tag="260" ind1=" " ind2=" ">
    <subfield code="a">New Delhi :</subfield>
    <subfield code="b">Pearson Education ,</subfield>
    <subfield code="c">2003.</subfield>
  </datafield>
  <datafield tag="300" ind1=" " ind2=" ">
    <subfield code="a">xiii, 314p. ;</subfield>
    <subfield code="c">23.5 cm.</subfield>
  </datafield>
  <datafield tag="650" ind1=" " ind2=" ">
    <subfield code="a">The genetic material</subfield>
    <subfield code="9">55388</subfield>
  </datafield>
  <datafield tag="650" ind1=" " ind2=" ">
    <subfield code="a">Protein structure and function</subfield>
    <subfield code="9">55389</subfield>
  </datafield>
  <datafield tag="650" ind1=" " ind2=" ">
    <subfield code="a">Molecular biology tools</subfield>
    <subfield code="9">55390</subfield>
  </datafield>
  <datafield tag="700" ind1=" " ind2=" ">
    <subfield code="a">Raymer, Michael L.</subfield>
    <subfield code="9">55391</subfield>
  </datafield>
  <datafield tag="942" ind1=" " ind2=" ">
    <subfield code="2">ddc</subfield>
    <subfield code="c">BK</subfield>
    <subfield code="e">1st </subfield>
    <subfield code="k">574.80285 KRAD</subfield>
  </datafield>
  <datafield tag="999" ind1=" " ind2=" ">
    <subfield code="c">186646</subfield>
    <subfield code="d">186646</subfield>
  </datafield>
  <datafield tag="952" ind1=" " ind2=" ">
    <subfield code="0">0</subfield>
    <subfield code="1">0</subfield>
    <subfield code="2">ddc</subfield>
    <subfield code="4">0</subfield>
    <subfield code="7">0</subfield>
    <subfield code="8">MCA</subfield>
    <subfield code="a">AIMIT</subfield>
    <subfield code="b">AIMIT</subfield>
    <subfield code="e">L B Publishers and Distributors</subfield>
    <subfield code="g">160.00</subfield>
    <subfield code="i">Bill no:1873; Bill dt:2003-06-28</subfield>
    <subfield code="l">0</subfield>
    <subfield code="o">574.80285 KRAD</subfield>
    <subfield code="p">MCA05323</subfield>
    <subfield code="r">2025-07-21 00:00:00</subfield>
    <subfield code="v">160.00</subfield>
    <subfield code="w">2021-07-16</subfield>
    <subfield code="y">BK</subfield>
  </datafield>
  <datafield tag="952" ind1=" " ind2=" ">
    <subfield code="0">0</subfield>
    <subfield code="1">0</subfield>
    <subfield code="2">ddc</subfield>
    <subfield code="4">0</subfield>
    <subfield code="7">3</subfield>
    <subfield code="8">MCA</subfield>
    <subfield code="a">AIMIT</subfield>
    <subfield code="b">AIMIT</subfield>
    <subfield code="e">Sita Book House</subfield>
    <subfield code="g">165.00</subfield>
    <subfield code="i">Bill no:5748; Bill dt:2004-08-05</subfield>
    <subfield code="l">0</subfield>
    <subfield code="o">574.80285 KRAD</subfield>
    <subfield code="p">MCA06154</subfield>
    <subfield code="r">2025-07-21 00:00:00</subfield>
    <subfield code="v">132.00</subfield>
    <subfield code="w">2021-07-16</subfield>
    <subfield code="y">BK</subfield>
  </datafield>
  <datafield tag="952" ind1=" " ind2=" ">
    <subfield code="0">0</subfield>
    <subfield code="1">0</subfield>
    <subfield code="2">ddc</subfield>
    <subfield code="4">0</subfield>
    <subfield code="7">0</subfield>
    <subfield code="8">MCA</subfield>
    <subfield code="a">AIMIT</subfield>
    <subfield code="b">AIMIT</subfield>
    <subfield code="e">Sita Book House</subfield>
    <subfield code="g">165.00</subfield>
    <subfield code="i">Bill no:5748; Bill dt:2004-08-05</subfield>
    <subfield code="l">0</subfield>
    <subfield code="o">574.80285 KRAD</subfield>
    <subfield code="p">MCA06155</subfield>
    <subfield code="r">2025-07-21 00:00:00</subfield>
    <subfield code="v">123.75</subfield>
    <subfield code="w">2021-07-16</subfield>
    <subfield code="y">BK</subfield>
  </datafield>
  <datafield tag="952" ind1=" " ind2=" ">
    <subfield code="0">0</subfield>
    <subfield code="1">0</subfield>
    <subfield code="2">ddc</subfield>
    <subfield code="4">0</subfield>
    <subfield code="7">0</subfield>
    <subfield code="8">MCA</subfield>
    <subfield code="a">AIMIT</subfield>
    <subfield code="b">AIMIT</subfield>
    <subfield code="e">Sita Book House</subfield>
    <subfield code="g">165.00</subfield>
    <subfield code="i">Bill no:5748; Bill dt:2004-08-05</subfield>
    <subfield code="l">0</subfield>
    <subfield code="o">574.80285 KRAD</subfield>
    <subfield code="p">MCA06156</subfield>
    <subfield code="r">2025-07-21 00:00:00</subfield>
    <subfield code="v">123.75</subfield>
    <subfield code="w">2021-07-16</subfield>
    <subfield code="y">BK</subfield>
  </datafield>
  <datafield tag="952" ind1=" " ind2=" ">
    <subfield code="0">0</subfield>
    <subfield code="1">0</subfield>
    <subfield code="2">ddc</subfield>
    <subfield code="4">0</subfield>
    <subfield code="7">0</subfield>
    <subfield code="8">MCA</subfield>
    <subfield code="a">AIMIT</subfield>
    <subfield code="b">AIMIT</subfield>
    <subfield code="e">Sita Book House</subfield>
    <subfield code="g">165.00</subfield>
    <subfield code="i">Bill no:5748; Bill dt:2004-08-05</subfield>
    <subfield code="l">0</subfield>
    <subfield code="o">574.80285 KRAD</subfield>
    <subfield code="p">MCA06157</subfield>
    <subfield code="r">2025-07-21 00:00:00</subfield>
    <subfield code="v">123.75</subfield>
    <subfield code="w">2021-07-16</subfield>
    <subfield code="y">BK</subfield>
  </datafield>
  <datafield tag="952" ind1=" " ind2=" ">
    <subfield code="0">0</subfield>
    <subfield code="1">0</subfield>
    <subfield code="2">ddc</subfield>
    <subfield code="4">0</subfield>
    <subfield code="7">0</subfield>
    <subfield code="8">MCA</subfield>
    <subfield code="a">AIMIT</subfield>
    <subfield code="b">AIMIT</subfield>
    <subfield code="e">Sita Book House</subfield>
    <subfield code="g">165.00</subfield>
    <subfield code="i">Bill no:5748; Bill dt:2004-08-05</subfield>
    <subfield code="l">0</subfield>
    <subfield code="o">574.80285 KRAD</subfield>
    <subfield code="p">MCA06158</subfield>
    <subfield code="r">2025-07-21 00:00:00</subfield>
    <subfield code="v">123.75</subfield>
    <subfield code="w">2021-07-16</subfield>
    <subfield code="y">BK</subfield>
  </datafield>
  <datafield tag="952" ind1=" " ind2=" ">
    <subfield code="0">0</subfield>
    <subfield code="1">0</subfield>
    <subfield code="2">ddc</subfield>
    <subfield code="4">0</subfield>
    <subfield code="7">0</subfield>
    <subfield code="8">MCA</subfield>
    <subfield code="a">AIMIT</subfield>
    <subfield code="b">AIMIT</subfield>
    <subfield code="e">Sita Book House</subfield>
    <subfield code="g">165.00</subfield>
    <subfield code="i">Bill no:5748; Bill dt:2004-08-05</subfield>
    <subfield code="l">0</subfield>
    <subfield code="o">574.80285 KRAD</subfield>
    <subfield code="p">MCA06159</subfield>
    <subfield code="r">2025-07-21 00:00:00</subfield>
    <subfield code="v">123.75</subfield>
    <subfield code="w">2021-07-16</subfield>
    <subfield code="y">BK</subfield>
  </datafield>
  <datafield tag="952" ind1=" " ind2=" ">
    <subfield code="0">0</subfield>
    <subfield code="1">0</subfield>
    <subfield code="2">ddc</subfield>
    <subfield code="4">0</subfield>
    <subfield code="7">0</subfield>
    <subfield code="8">MCA</subfield>
    <subfield code="a">AIMIT</subfield>
    <subfield code="b">AIMIT</subfield>
    <subfield code="e">Sita Book House</subfield>
    <subfield code="g">165.00</subfield>
    <subfield code="i">Bill no:5748; Bill dt:2004-08-05</subfield>
    <subfield code="l">0</subfield>
    <subfield code="o">574.80285 KRAD</subfield>
    <subfield code="p">MCA06160</subfield>
    <subfield code="r">2025-07-21 00:00:00</subfield>
    <subfield code="v">123.75</subfield>
    <subfield code="w">2021-07-16</subfield>
    <subfield code="y">BK</subfield>
  </datafield>
  <datafield tag="952" ind1=" " ind2=" ">
    <subfield code="0">0</subfield>
    <subfield code="1">0</subfield>
    <subfield code="2">ddc</subfield>
    <subfield code="4">0</subfield>
    <subfield code="7">0</subfield>
    <subfield code="8">MCA</subfield>
    <subfield code="a">AIMIT</subfield>
    <subfield code="b">AIMIT</subfield>
    <subfield code="e">Sita Book House</subfield>
    <subfield code="g">165.00</subfield>
    <subfield code="i">Bill no:5748; Bill dt:2004-08-05</subfield>
    <subfield code="l">0</subfield>
    <subfield code="o">574.80285 KRAD</subfield>
    <subfield code="p">MCA06162</subfield>
    <subfield code="r">2025-07-21 00:00:00</subfield>
    <subfield code="v">123.75</subfield>
    <subfield code="w">2021-07-16</subfield>
    <subfield code="y">BK</subfield>
  </datafield>
  <datafield tag="952" ind1=" " ind2=" ">
    <subfield code="0">0</subfield>
    <subfield code="1">0</subfield>
    <subfield code="2">ddc</subfield>
    <subfield code="4">0</subfield>
    <subfield code="7">0</subfield>
    <subfield code="8">MCA</subfield>
    <subfield code="a">AIMIT</subfield>
    <subfield code="b">AIMIT</subfield>
    <subfield code="d">2024-07-09</subfield>
    <subfield code="e">Sita Book House</subfield>
    <subfield code="g">165.00</subfield>
    <subfield code="i">Bill no:5748; Bill dt:2004-08-05</subfield>
    <subfield code="l">0</subfield>
    <subfield code="o">574.80285 KRAD</subfield>
    <subfield code="p">MCA06163</subfield>
    <subfield code="r">2025-07-21 00:00:00</subfield>
    <subfield code="v">123.75</subfield>
    <subfield code="w">2021-07-16</subfield>
    <subfield code="y">BK</subfield>
  </datafield>
  <datafield tag="952" ind1=" " ind2=" ">
    <subfield code="0">0</subfield>
    <subfield code="1">0</subfield>
    <subfield code="2">ddc</subfield>
    <subfield code="4">0</subfield>
    <subfield code="7">0</subfield>
    <subfield code="8">MCA</subfield>
    <subfield code="a">AIMIT</subfield>
    <subfield code="b">AIMIT</subfield>
    <subfield code="e">Sita Book House</subfield>
    <subfield code="g">165.00</subfield>
    <subfield code="i">Bill no:5748; Bill dt:2004-08-05</subfield>
    <subfield code="l">0</subfield>
    <subfield code="o">574.80285 KRAD</subfield>
    <subfield code="p">MCA06164</subfield>
    <subfield code="r">2025-07-21 00:00:00</subfield>
    <subfield code="v">123.75</subfield>
    <subfield code="w">2021-07-16</subfield>
    <subfield code="y">BK</subfield>
  </datafield>
</record>
